[Event "Toronto Simcoe Day op"]
[Site "Toronto"]
[Date "2002.08.03"]
[Round "2"]
[White "Daniel, Kelvin"]
[Black "Parcham Kashani, Albroz"]
[Result "1-0"]
[WhiteElo "2064"]
[BlackElo "2000"]
[PlyCount "23"]
[EventDate "2002.08.03"]
[EventType "swiss"]
[EventRounds "1"]
[EventCountry "CAN"]
[SourceTitle "EXT 2003"]
[Source "ChessBase"]
[SourceDate "2002.11.25"]
[SourceVersion "1"]
[SourceVersionDate "2002.11.25"]
[SourceQuality "1"]

1. e4 e5 2. Nf3 Nf6 3. d4 exd4 4. e5 Qe7 5. Be2 Nd5 6. Qxd4 Nb6 7. Bf4 Nc6 8. Qd2 Qe6 9. 0-0 Bc5 10. a3 a5 11. Nc3 Nc4 12. Qd5 1-0